000 00436nam a22001817a 4500
003 MPLRDC
005 20220104123834.0
008 210129b ||||| |||| 00| 0 eng d
020 _a962-950-005-1
082 _a857.7 XMY v.15
100 _a席绢
245 _a爱我不必太痴心
_c
260 _a
_b星河出版社
_c
300 _b
490 _a寻梦园系列. 15
650 _a长篇小说
942 _cBK
_o857.7 XMY v.15
999 _c14601
_d14591